The people’s war (Record no. 185405)

000 -LEADER
fixed length control field 00941 a2200193 4500
003 - CONTROL NUMBER IDENTIFIER
control field Nust
005 - DATE AND TIME OF LATEST TRANSACTION
control field 20170207153412.0
010 ## - LIBRARY OF CONGRESS CONTROL NUMBER
LC control number 40004802
040 ## - CATALOGING SOURCE
Transcribing agency Nust
082 ## - DEWEY DECIMAL CLASSIFICATION NUMBER
Classification number 355.02
100 ## - MAIN ENTRY--PERSONAL NAME
Personal name Epstein, Israel,
245 ## - TITLE STATEMENT
Title The people’s war
Statement of responsibility, etc. I. Epstein
Medium with six full-page woodcuts carved specially for this book by Chen Yin-chiao
260 ## - PUBLICATION, DISTRIBUTION, ETC.
Place of publication, distribution, etc. V. Gollancz ltd.,
Name of publisher, distributor, etc. London,
Date of publication, distribution, etc. 1939
300 ## - PHYSICAL DESCRIPTION
Extent 384 p
Other physical details incl. front.,
Dimensions illus
Accompanying material 23 cm
505 ## - FORMATTED CONTENTS NOTE
Formatted contents note This land is Ours (Page-9) Song of Resistance (Page-26) Defiance (Page-38) Birth of an Army (page-59) Trial by Fire (Page-80) Decision (page-118) Appraisal (Page-133) Counter-Attack (Page-161) The People War (Page-198) The Fighting Democracy (Page-233) New Fourth Army (Page-260) Universal Resistance (page-281) Fight for Hankow (Page-305) Transition (Page-334) China Marches on (Page-358)
538 ## - SYSTEM DETAILS NOTE
System details note Almirah No.52, Shelf No.6
600 ## - SUBJECT ADDED ENTRY--PERSONAL NAME
Personal name Epstein, Israel,
650 ## - SUBJECT ADDED ENTRY--TOPICAL TERM
Topical term or geographic name entry element The people’s war
942 ## - ADDED ENTRY ELEMENTS (KOHA)
Source of classification or shelving scheme
Koha item type Book
Holdings
Withdrawn status Lost status Source of classification or shelving scheme Damaged status Not for loan Collection code Permanent Location Current Location Date acquired Total Checkouts Full call number Barcode Date last seen Price effective from Koha item type
            Military College of Signals (MCS) Military College of Signals (MCS) 12/12/2016   355.02 EPS MCS29294 12/08/2016 12/12/2016 Book
© 2023 Central Library, National University of Sciences and Technology. All Rights Reserved.